Visualizzazione normale
Vista MARC
- Llorente, Antonino,
di Personal Name
Records bibliografici associati: 1
001 - CONTROL NUMBER
- control field: 67629
003 - CONTROL NUMBER IDENTIFIER
- control field: IT-RoINE
005 - DATE AND TIME OF LATEST TRANSACTION
- control field: 20200611074055.0
008 - FIXED-LENGTH DATA ELEMENTS
- fixed length control field: 200611|| aca||aabn | a|a d
040 ## - CATALOGING SOURCE
- Original cataloging agency: IT-RoINE
- Transcribing agency: IT-RoINE
100 ## - HEADING--PERSONAL NAME
- Personal name: Llorente, Antonino,
- Titles and other words associated with a name: C.M.F.
670 ## - SOURCE DATA FOUND
- Source citation: Work cat.: (IT-RoINE)0: Llorente, Antonino, C.M.F., Devocionario Josefino, o sea los siete domingos al glorioso patriarca San José :, 1934.